| 000 | 00652cam a2200229 a 4500 | ||
|---|---|---|---|
| 001 | 000003636 | ||
| 003 | DO-SdBNP | ||
| 005 | 20220921081508.0 | ||
| 007 | ta | ||
| 008 | 720427s1964 nyu 001 1 eng | ||
| 040 |
_aDO-SdBNP _bspa _cBNPHU |
||
| 082 | 4 |
_a813.54 _bC882c _222 |
|
| 100 | 1 |
_aCozzens, James Gould, _d1903-1978. _911161 |
|
| 245 | 1 | 0 |
_aChildren and others / _cJames Gould Cozzens. |
| 260 |
_aNew York : _bHarcourt, Brace & World, _c1964. |
||
| 300 |
_a343 p. ; _c22 cm. |
||
| 590 | _aInventariado, 2022 / DG | ||
| 650 | 4 |
_aCuentos estadounidenses _93514 |
|
| 650 | 4 |
_aLiteratura estadounidense _9263 |
|
| 910 | _aDG | ||
| 942 |
_2ddc _cLBS1 |
||
| 999 |
_c3459 _d3459 |
||